ბათუმის შოთა რუსთაველის სახელმწიფო უნივერსიტეტის ბიბლიოთეკა

ზუსტი მექანიზმებისა და ხელსაწყოების ნაწილები : ნაწილი I. (დრეკადი ელემენტები, დამხმარე ნაწილები, გადაცემები) / (ბიბ.ჩანაწერი № 37432)

000 -ლიდერი
ფიქსირებული სიგრძის საკონტროლო ველი 01101nam a2200205Ia 4500
001 - საკონტროლო ნომერი
საკონტროლო ველი 3391
003 - საკონტროლო ნომრის იდენტიფიკატორი
საკონტროლო ველი GE_BSU
005 - ბოლო ოპერაციის თარიღი და დრო
საკონტროლო ველი 20190606153459.0
008 - ფიქსირებული სიგრძის მონაცემთა ელემენტები - ზოგადი ინფორმაცია
ფიქსირებული სიგრძის საკონტროლო ველი 181216s1960||||ge |||||||||||||| ||geo||
040 ## - კატალოგიზაციის წყარო
Transcribing agency GE_BSU
041 ## - ენის კოდი
Language code of text/sound track or separate title geo
080 ## - უნივერსალური ათობითი კლასიფიკაციის ინდექსი
Universal Decimal Classification number 681.2(075.8) ხ–48
100 ## - მთავარი ჩანაწერი - პიროვნების სახელი
Personal name ხვინგია,მ.
9 (RLIN) 2225
245 ## - ცნობა სათაურის შესახებ
Title ზუსტი მექანიზმებისა და ხელსაწყოების ნაწილები : ნაწილი I. (დრეკადი ელემენტები, დამხმარე ნაწილები, გადაცემები) /
Statement of responsibility, etc მ. ხვინგია ; რედ : ო. ეზიკაშვილი.
264 ## - წარმოების, გამოცემის, დისტრიბუციის და სხვა ცნობები
გამოცემის, წარმოების, დისტრიბუციის... ადგილი თბილისი :
გამოცემის, წარმოების, დისტრიბუციის... სახელწოდება საქ. პოლიტექნ. ინ–ტი,
გამოცემის, წარმოების, დისტრიბუციის... თარიღი 1960.
300 ## - ფიზიკური აღწერა
Extent 409 გვ .:
Other physical details ილ ;
Dimensions 22 სმ.
653 ## - INDEX TERM--UNCONTROLLED
Uncontrolled term ზუსტი მექანიზმებისა და ხელსაწყოების ნაწილები
700 ## - ADDED ENTRY--PERSONAL NAME
Personal name ეზიკაშვილი, ე
Relator term რედაქტორი
9 (RLIN) 2226
942 ## - ADDED ENTRY ELEMENTS (KOHA)
Koha item type წიგნი
Source of classification or shelving scheme
ეგზემპლარები
ჩამოწერის სტატუსი დაკარგული ეგზემპლარის სტატუსი კლასიფიკაციის წყარო ან თაროზე გაწყობის სქემა დაზიანების სტატუსი არ გაიცემა მუდმივი მდებარეობა (დაცვის ადგილი) ამჟამინდელი ადგილსამყოფელი თაროზე განთავსების ადგილი შეძენის თარიღი ღირებულება, შესყიდვის ნორმალური ფასი სრული შენახვის შიფრი შტრიხკოდი ბოლო ოპერაციის თარიღი ეგზემპლარის მიმდევრობითი ნომერი (კეტერი?) ფასის ძალაში შესვლის თარიღი ეგზემპლარის სახეობა საჯარო შენიშვნა
          ტექნოლოგიური ფაკულტეტის ბიბლიოთეკა ტექნოლოგიური ფაკულტეტის ბიბლიოთეკა წიგნსაცავი 2018-12-17 3.00 681.2(075.8) ხ–48 10536 2018-12-17 10536 2018-12-17 წიგნი 3 ლ. 60 თ.
          ტექნოლოგიური ფაკულტეტის ბიბლიოთეკა ტექნოლოგიური ფაკულტეტის ბიბლიოთეკა წიგნსაცავი 2018-12-17 3.00 681.2(075.8) ხ–48 10537 2018-12-17 10537 2018-12-17 წიგნი 3 ლ. 60 თ.
          ტექნოლოგიური ფაკულტეტის ბიბლიოთეკა ტექნოლოგიური ფაკულტეტის ბიბლიოთეკა წიგნსაცავი 2018-12-17 3.00 681.2(075.8) ხ–48 10538 2018-12-17 10538 2018-12-17 წიგნი 3 ლ. 60 თ.